000 00461nam a2200145 4500
999 _c6164
_d6164
008 170210b xxu||||| |||| 00| 0 eng d
082 _aDPer 910.5 T69 Jan-Aug 2015 v. 1-4
100 _918634
_aAñonuevo, Klara Iskra
245 _aUp in the air.
_cKlara Iskra Añonuevo.
260 _aPhilippines:
_bOne Mega Group,
_c©2015.
300 _av1, pages 26-27:
_billustrations;
_c28 cm.
500 _aTravel Now.
650 0 _918635
_aAir pilots
942 _2ddc
_cPER